000 00596nam a2200229Ia 4500
005 20250425162841.0
008 250425s9999 xx 000 0 und d
020 _a9781785886300
041 _aeng
082 _a004.6
_pAMO
100 _aHaviv, Amos Q.
245 0 _aMEAN web development
_cAmos Q. Haviv
250 _aSecond edition
260 _aBirmingham
_bPackt
_c2016
500 _aIncluye índice
650 _aLenguajes de programación
650 _aProgramación javascript
650 _aServicios web
902 _aMonográfico
_cImpreso
942 _c01
010 _a113648
999 _c237730
_d237730